| 000 | 00580nam a2200205Ia 4500 | ||
|---|---|---|---|
| 005 | 20250923144912.0 | ||
| 008 | 008 250917s9999 xx 000 0 eng d | ||
| 037 | _aTextual | ||
| 040 |
_aDSWL _beng _cDSWL |
||
| 041 |
_aeng _2eng |
||
| 084 |
_aNBu2.D, K4 _qDSWL |
||
| 100 |
_aRay, Amita _9829610 |
||
| 245 | 0 |
_aVillages, towns and secular buildings in ancient India _cby Amita Ray |
|
| 260 |
_bFirma,K.L. Mukhopadhyaya _c1964 |
||
| 300 | _a159p. | ||
| 365 |
_aINR _b25 |
||
| 925 | _g25 | ||
| 942 |
_cTEXL _hNBu2.D, K4 |
||
| 999 |
_c1444784 _d1444784 |
||